00709 2200205 4500001002100000005001700021020001800038035002400056040001200080082001300092084002300105100002000128245015700148260008000305300003500385650002100420650002900441850001200470990002100482YOGYA00000000001538020170413114641.0 a979-9042-64-X 0010-081400000015098 aYOPDYOG a371.9072 aDEP 371.9072 Mun P aMUNAJAD, Danang aPenelitian Evaluatif Tentang Tingkat Kesejahteraan Sosial penyandang cacat netra purna latih Panti Sosial Bina Netra Sadewa Yogyakartac/ Danang Munajad aYogyakartabDepsos RI Badan Penelitian dan Pengembangan Sosial BBP3KSc1997 aiv, 34 hlm.b: ilus.c; 21 cm. aPenyandang cacat aKesejahteraan masyarakat aYOPDYOG aCB-D.11/1997-324